Leader xxxxxxxxxx
001 __ PCLIS00055775
005 __ 20220315103307.0
010 1_ |a978-986-499-038-2|b精裝|dNT$300
100 __ |a20190910d2019 d y0chiy09 e
101 0_ |achi|aeng
102 __ |atw
105 __ |aa z 000fy
200 1_ |a孟母三遷|f尹世霖文|g夏書玉繪 ; 王一方英譯
205 __ |a初版
210 __ |a臺北市|b龍少年出版|b龍圖騰文化發行|a新北市汐止區|c聯寶國際文化總經銷|d2019.05[民108]
215 1_ |a[28]面|c彩圖|d23公分
225 1_ |a繪本館|vNCP002
225 2_ |a繪本中國故事
300 __ |a中英對照
461 _1 |12001 |a繪本中國故事
333 __ |a適讀年齡: 9歲以上
606 __ |2cst|a兒童故事
606 __ |2cst|a繪本
681 __ |a859.9|b8657
700 _1 |a尹|b世霖|4文
702 _1 |a夏|b書玉|4繪
702 _1 |a王|b一方|4譯
801 _0 |bTWTCL|c20190910|gCCR
801 _1 |atw|b內湖高中|c20220129|gCCR
801 _2 |atw|b內湖高中|c20220129|gCCR
|